[Event "Enniscrone Sligo op-B"]
[Site "Enniscrone"]
[Date "2025.02.02"]
[Round "5"]
[White "Fitzgerald, Martin"]
[Black "Crothers, Toby"]
[Result "1-0"]
[WhiteElo "1818"]
[BlackElo "1661"]
[PlyCount "57"]
[EventDate "2025.01.31"]
[EventType "swiss"]
[EventRounds "5"]
[EventCountry "IRL"]
[SourceTitle "CB06_2025"]
[SourceDate "2025.02.05"]
[SourceVersion "1"]
[SourceVersionDate "2025.02.05"]
[SourceQuality "1"]

1. e4 e5 2. Nf3 Nc6 3. Bc4 Nf6 4. d3 Bc5 5. 0-0 d6 6. c3 a6 7. Bb3 0-0 8. h3 Be6 9. Bxe6 fxe6 10. Nbd2 Ne7 11. Re1 Ng6 12. Nf1 Nh5 13. d4 exd4 14. cxd4 Bb6 15. Be3 Ngf4 16. Kh2 Qf6 17. N1d2 Nd3 18. Rf1 Nhf4 19. g3 e5 20. dxe5 dxe5 21. gxf4 Bxe3 22. fxe3 Kh8 23. Qe2 Rad8 24. Nxe5 Nxe5 25. fxe5 Qxe5+ 26. Kh1 Rxf1+ 27. Rxf1 Qxb2 28. Qd3 Re8 29. Qd5 1-0

[Event "IRL-ch 100th Weekend op"]
[Site "Dublin"]
[Date "2021.08.08"]
[Round "5"]
[White "Harrington, Eoin"]
[Black "Fitzgerald, Martin"]
[Result "1-0"]
[WhiteElo "1587"]
[BlackElo "1597"]
[PlyCount "53"]
[EventDate "2021.08.06"]
[EventType "swiss"]
[EventRounds "5"]
[EventCountry "IRL"]
[SourceTitle "EXT 2022"]
[Source "ChessBase"]
[SourceDate "2021.10.06"]
[SourceVersion "1"]
[SourceVersionDate "2021.10.06"]
[SourceQuality "1"]

1. e4 e5 2. Nf3 Nc6 3. Bb5 a6 4. Ba4 Nf6 5. 0-0 Be7 6. c3 Nxe4 7. Re1 Nc5 8. Bxc6 dxc6 9. Nxe5 Nd3 10. Nxd3 Qxd3 11. Re3 Qd6 12. Qe2 Be6 13. d4 0-0 14. Nd2 Rfe8 15. Ne4 Qd7 16. Bd2 Bg4 17. f3 Bf5 18. Re1 Kf8 19. Ng3 Be6 20. f4 Bg4 21. Qd3 g6 22. h3 Be6 23. f5 Bxf5 24. Nxf5 Qxf5 25. Re4 Qd7 26. Bh6+ Kg8 27. Qe3 1-0

[Event "IRL-ch 100th Weekend op"]
[Site "Dublin"]
[Date "2021.08.07"]
[Round "2"]
[White "Fitzgerald, Martin"]
[Black "Melaugh, Gavin"]
[Result "0-1"]
[WhiteElo "1597"]
[BlackElo "2025"]
[PlyCount "68"]
[EventDate "2021.08.06"]
[EventType "swiss"]
[EventRounds "5"]
[EventCountry "IRL"]
[SourceTitle "EXT 2022"]
[Source "ChessBase"]
[SourceDate "2021.10.06"]
[SourceVersion "1"]
[SourceVersionDate "2021.10.06"]
[SourceQuality "1"]

1. e4 d6 2. d4 Nf6 3. Nc3 Nbd7 4. Nf3 e5 5. Bc4 Be7 6. 0-0 c6 7. a4 h6 8. h3 Qc7 9. Re1 Nf8 10. Qd3 Ng6 11. Ne2 d5 12. Ba2 dxe4 13. Qb3 Be6 14. d5 Bxd5 15. c4 exf3 16. cxd5 fxe2 17. dxc6 0-0 18. Qd3 e4 19. Qxe2 Qxc6 20. Bd2 Ne5 21. Rac1 Qxa4 22. Bb1 Rac8 23. f4 Ng6 24. g4 Nh4 25. g5 Nf3+ 26. Kh1 Nh5 27. Qg2 Nxe1 28. Rxe1 Qb3 29. gxh6 Qg3 30. Qf1 Rfd8 31. Bc3 Qxc3 32. bxc3 Ng3+ 33. Kh2 Nxf1+ 34. Rxf1 Rd2+ 0-1